Statistiche per Nominations Oscar miglior film '2000s

Clicka qui per fare il quiz!

Statistiche generali

  • Questo quiz è stato fatto 151 volte
  • Il punteggio medio è 10 su 55

Statistiche sulle risposte

HintDirector / ActorAnswers% Corretto
2000Ridley ScottIl Gladiatore
85%
2009James CameronAvatar
56%
2009Quentin TarantinoBastardi senza gloria
48%
2003Peter JacksonIl signore degli anelli - Il ritorno del re
44%
2001Elijah WoodIl signore degli anelli - La compagnia dell'anello
44%
2002Viggo MortensenIl signore degli anelli - Le due torri
44%
2004Hilary SwankMillion Dollar Baby
43%
2007Joel & Ethan CoenNon è un paese per vecchi
33%
2007Daniel Day-LewisIl petroliere
32%
2008Sean PennMilk
31%
2000Juliette BinocheChocolat
29%
2002Roman PolanskiIl pianista
28%
2004Cate BlanchettThe Aviator
26%
2005Heath LedgerI segreti di Brokeback Mountain
22%
2004Jamie FoxxRay
22%
2001Baz LuhrmannMoulin Rouge!
20%
2006Martin ScorseseThe Departed - il bene e il male
20%
2001Ron HowardA Beautiful Mind
19%
2002Richard GereChicago
19%
2003Tim RobbinsMystic River
19%
2008Danny BoyleThe Millionaire
19%
2002Leonardo di CaprioGangs of New York
18%
2009Kathryn BigelowThe Hurt Locker
18%
2009Sandra BullockThe Blind Side
16%
2008Kate WinsletThe Reader - A voce alta
16%
2000Julia RobertsErin Brockovich
14%
2008Brad PittIl curioso caso di Benjamin Button
13%
2009George ClooneyTra le nuvole
13%
2006Alejandro G. IñárrituBabel
11%
2000Ang LeeLa tigre e il dragone
11%
2003Bill MurrayLost in Translation
11%
2002Nicole KidmanThe Hours
11%
2005Philip Seymour HoffmanTruman Capote - A sangue freddo
11%
2009Pete DocterUp
11%
2005Paul HaggisCrash - Contatto fisico
10%
2007Keira KnightleyEspiazione
10%
2003Russel CroweMaster and Commander - Sfida ai confini del mare
10%
2000Steven SoderberghTraffic
10%
2005Steven SpielbergMunich
9%
2004Johnny DeppNeverland - Un sogno per la vita
9%
2009Gabourey SidibePrecious
9%
2007Tilda SwintonMichael Clayton
8%
2009Carey MulliganAn Education
6%
2007Jason ReitmanJuno
6%
2006Steve CarellLittle Miss Sunshine
6%
2004Paul GiamattiSideways - In viaggio con Jack
6%
2005David StrathairnGood Night, and Good Luck
5%
2001Sissy SpacekIn the Bedroom
5%
2006Clint EastwoodLettere da Iwo Jima
5%
2006Helen MirrenThe Queen - La regina
5%
2009Michael StuhlbargA Serious Man
4%
2009Sharlto CopleyDistrict 9
4%
2008Michael SheenFrost/Nixon - Il duello
4%
2001Robert AltmanGosford Park
4%
2003Tobey MaguireSeabiscuit - Un mito senza tempo
3%

Distribuzione punteggi

Percentile per numero di risposta

Percentuale di utenti per punteggio

I tuoi punteggi nel tempo

Non hai fatto questo quiz